Sivela kude / (Record no. 6215)
[ view plain ]
| 000 -LEADER | |
|---|---|
| fixed length control field | 00753nam a22002657a 4500 |
| 001 - CONTROL NUMBER | |
| control field | 3484992 |
| 003 - CONTROL NUMBER IDENTIFIER | |
| control field | GZU |
| 005 - DATE AND TIME OF LATEST TRANSACTION | |
| control field | 20210420120526.0 |
| 008 - FIXED-LENGTH DATA ELEMENTS--GENERAL INFORMATION | |
| fixed length control field | 940526s1993 rh 000 0 nde |
| 010 ## - LIBRARY OF CONGRESS CONTROL NUMBER | |
| LC control number | 93982876 |
| 020 ## - INTERNATIONAL STANDARD BOOK NUMBER | |
| International Standard Book Number | 086922557X |
| 040 ## - CATALOGING SOURCE | |
| Original cataloging agency | DLC |
| Transcribing agency | DLC |
| 042 ## - AUTHENTICATION CODE | |
| Authentication code | lcode |
| 050 00 - LIBRARY OF CONGRESS CALL NUMBER | |
| Classification number | PL8842 NDL 1993 |
| 100 1# - MAIN ENTRY--PERSONAL NAME | |
| Personal name | Ndlovu, Israel, |
| Dates associated with a name | 1959- |
| 245 10 - TITLE STATEMENT | |
| Title | Sivela kude / |
| Statement of responsibility, etc. | Israel Ndlovu. |
| 260 ## - PUBLICATION, DISTRIBUTION, ETC. | |
| Place of publication, distribution, etc. | Gweru, Zimbabwe : |
| Name of publisher, distributor, etc. | Mambo Press, |
| Date of publication, distribution, etc. | 1993. |
| 300 ## - PHYSICAL DESCRIPTION | |
| Extent | 97 p. ; |
| Dimensions | 22 cm. |
| 490 0# - SERIES STATEMENT | |
| Series statement | Mambo writers series. Ndebele section ; |
| Volume/sequential designation | vol. 8 |
| 500 ## - GENERAL NOTE | |
| General note | In Shona |
| 520 ## - SUMMARY, ETC. | |
| Summary, etc. | A novel. |
| 906 ## - LOCAL DATA ELEMENT F, LDF (RLIN) | |
| a | 7 |
| b | cbc |
| c | origode |
| d | u |
| e | ncip |
| f | 19 |
| g | y-gencatlg |
| 942 ## - ADDED ENTRY ELEMENTS (KOHA) | |
| Source of classification or shelving scheme | Library of Congress Classification |
| Koha item type | Books |
| Classification part | 8842 |
| Item part | NDL |
| Call number prefix | PL |
| Call number suffix | 1993 |
| Withdrawn status | Lost status | Damaged status | Not for loan | Collection code | Home library | Current library | Shelving location | Date acquired | Total Checkouts | Full call number | Barcode | Date last seen | Copy number | Price effective from | Koha item type |
|---|---|---|---|---|---|---|---|---|---|---|---|---|---|---|---|
| Fiction | Mashava Campus Library | Mashava Campus Library | General Stacks | 05/21/2021 | PL8842 NDL 1993 | 008451 | 05/21/2021 | c.1 | 05/21/2021 | Books | |||||
| Fiction | Mashava Campus Library | Mashava Campus Library | General Stacks | 05/21/2021 | PL8842 NDL 1993 | G21473 | 05/21/2021 | c.2 | 05/21/2021 | Books | |||||
| Fiction | Mashava Campus Library | Mashava Campus Library | General Stacks | 05/21/2021 | PL8842 NDL 1993 | 008452 | 05/21/2021 | c.3 | 05/21/2021 | Books |